Trouver le premier pays de chaque lettres - Statistiques

Statistiques générales
  • Ce quiz a été pris 606 fois
    591 depuis la dernière actualisation
  • Le résultat moyen est 14 sur 24
Statistiques - réponses
Hint Réponse % Correct
Z Zambie
82%
Y Yemen
81%
D Danemark
78%
Q Qatar
78%
J Jamaique
67%
F Fidji
66%
V Vanuatu
64%
B Bahamas
63%
A Afghanistan
62%
O Oman
62%
I Inde
60%
G Gabon
59%
H Haiti
58%
L Laos
58%
N Namibie
54%
P Pakistan
54%
U Ukraine
52%
K Kazakhstan
50%
C Cambodge
45%
M Macédoine
43%
T Tadjikistan
42%
E Egypte
40%
S Saint Christophe et Nieves
27%
R République Centrafricaine
16%
Aucun quiz correspondant
Distribution des résultats
% des personnes avec chaque résultat
Percentile par nombre de réponses
Votre historique - résultats
Vous n’avez pas pris ce quiz depuis la dernière actualisation